<?xml version="1.0" encoding="UTF-8"?>
<record
    xmlns:xsi="http://www.w3.org/2001/XMLSchema-instance"
    xsi:schemaLocation="http://www.loc.gov/MARC21/slim http://www.loc.gov/standards/marcxml/schema/MARC21slim.xsd"
    xmlns="http://www.loc.gov/MARC21/slim">

  <leader>01499    a2200229   4500</leader>
  <controlfield tag="001">45670</controlfield>
  <controlfield tag="005">20260407155728.0</controlfield>
  <controlfield tag="008">260407a2003    arg                 spa d</controlfield>
  <controlfield tag="003">AR-UNSa-BCEJYS</controlfield>
  <datafield tag="040" ind1=" " ind2=" ">
    <subfield code="a">AR-UNSa-BCEJYS</subfield>
    <subfield code="b">spa</subfield>
    <subfield code="c">AR-UNSa-BCEJYS</subfield>
  </datafield>
  <datafield tag="080" ind1=" " ind2=" ">
    <subfield code="a">331.5(892)</subfield>
    <subfield code="x">Mercado de Trabajo. Empleo en Paraguay</subfield>
  </datafield>
  <datafield tag="245" ind1="1" ind2="0">
    <subfield code="a">Paraguay</subfield>
    <subfield code="p">Empleo y protecci&#xF3;n social. Desaf&#xED;os institucionales para reducir la pobreza</subfield>
  </datafield>
  <datafield tag="020" ind1=" " ind2=" ">
    <subfield code="a">92-2-314290-3</subfield>
  </datafield>
  <datafield tag="264" ind1=" " ind2="1">
    <subfield code="a">Santiago :</subfield>
    <subfield code="b">OIT</subfield>
    <subfield code="c">2003</subfield>
  </datafield>
  <datafield tag="300" ind1=" " ind2=" ">
    <subfield code="a">384 p.</subfield>
    <subfield code="c">23 cm.</subfield>
  </datafield>
  <datafield tag="505" ind1=" " ind2=" ">
    <subfield code="a">1. Mercado de trabajo, instituciones y pobreza: Interrelaciones y desaf&#xED;os en Paraguay / Fabio Bertranou, Andr&#xE9;s Marinakis y Gerhard Reinecke - 2. Mercado laboral en el Paraguay / Jaime Gatica y Carlos Carrera - 3. El r&#xE9;gimen de salarios m&#xED;nimos / Mario Damill y Roberto Frenkel - 4. MIPYMES: Diagn&#xF3;stico y pol&#xED;ticas para su formalizaci&#xF3;n/ Dionisio Borda - 5. Cobertura de la protecci&#xF3;n social en salud, jubilaciones y pensiones / Andrea S&#xE1;nchez - 6. An&#xE1;lisis de las reformas propuestas al sistema de jubilaciones y pensiones /Rodolfo Saldain - 7. Evaluaci&#xF3;n actuarial y proyecciones 2000-2050 del r&#xE9;gimen de jubilaciones y pensiones administrado por el Instituto de Previsi&#xF3;n Social / Carlos Grushka y Debora Altieri.</subfield>
  </datafield>
  <datafield tag="041" ind1=" " ind2=" ">
    <subfield code="a">spa</subfield>
  </datafield>
  <datafield tag="942" ind1=" " ind2=" ">
    <subfield code="c">BK</subfield>
  </datafield>
  <datafield tag="590" ind1=" " ind2=" ">
    <subfield code="a">niveau_biblio:m niveau_hierar:0</subfield>
  </datafield>
  <datafield tag="100" ind1="1" ind2=" ">
    <subfield code="a">Oficina Internacional del Trabajo</subfield>
  </datafield>
  <datafield tag="856" ind1="4" ind2="1">
    <subfield code="u">https://www.biblioeco.unsa.edu.ar/pmb/images/libros/L127161.jpg</subfield>
    <subfield code="y">Imagen de portada</subfield>
    <subfield code="q">image/jpeg</subfield>
  </datafield>
  <datafield tag="999" ind1=" " ind2=" ">
    <subfield code="c">3980</subfield>
    <subfield code="d">3980</subfield>
  </datafield>
  <datafield tag="952" ind1=" " ind2=" ">
    <subfield code="0">0</subfield>
    <subfield code="1">0</subfield>
    <subfield code="4">0</subfield>
    <subfield code="7">0</subfield>
    <subfield code="a">BCEJYS</subfield>
    <subfield code="b">BCEJYS</subfield>
    <subfield code="c">16</subfield>
    <subfield code="d">2026-04-07</subfield>
    <subfield code="l">0</subfield>
    <subfield code="o">331.5(892) O31</subfield>
    <subfield code="p">L127161</subfield>
    <subfield code="r">2026-04-07 15:57:28</subfield>
    <subfield code="w">2026-04-07</subfield>
    <subfield code="y">L</subfield>
  </datafield>
</record>
